• 首页
  • 本馆介绍
  • 公告通知
  • 最新文献
  • 馆藏检索
  • 电子资源
  • 读者导购
  • 参考咨询
  • 我的图书馆
  • 登录
  • 详细信息显示
  • 放入我的书架
  • 预约/预借图书
  • 作者相关作品
  • 分类相关作品
  • 丛书相关作品
  • 出版社相关作品

书目信息

  • 表格格式
  • 工作单格式
  • 卡片格式
题名:
《社会民主党在民主革命中的两种策略》曹葆华译本考
    
 
作者: 康沛竹 , 张冬梵 , 张春鹏 著
分册:  
出版信息: 沈阳   辽宁人民出版社  2021.01
页数: 25, 286页
开本: 23cm
丛书名: 马克思主义经典文献传播通考
单 册:
中图分类: A222 , A821
科图分类:
主题词: 俄国社会民主工党--e guo she hui min zhu gong dang--策略--批判 , 列宁著作研究--lie ning zhu zuo yan jiu
电子资源:
ISBN: 978-7-205-10131-2
000 01539nam 2200325 450
001 CAL 0120217135825
005 20230308143222.0
010    @a978-7-205-10131-2@b精装@dCNY88.00
100    @a20210425d2021 em y0chiy0120 ea
101 0  @achi
102    @aCN@b210000
105    @ay a 000yy
106    @ar
200 1  @a《社会民主党在民主革命中的两种策略》曹葆华译本考@A《 she hui min zhu dang zai min zhu ge ming zhong de liang zhong ce lue 》 cao bao hua yi ben kao@f康沛竹, 张冬梵, 张春鹏著
210    @a沈阳@c辽宁人民出版社@d2021.01
215    @a25, 286页@d23cm
225 2  @a马克思主义经典文献传播通考@Ama ke si zhu yi jing dian wen xian chuan bo tong kao
300    @a国家出版基金项目
320    @a有书目 (第72-73页)
330    @a本书以2019年人民出版社最新出版的马列主义经典文库单行本《社会民主党在民主革命中的两种策略》为蓝本, 原书作者是列宁, 是马克思列宁主义发展史上一个重要的思想坐标。《社会民主党在民主革命中的两种策略》的中文版本众多, 在中国流传甚广, 影响极大。本书是作者康沛竹等人对曹葆华译本的考释, 包括对译本的背景和地位介绍、术语考证、观点疏正、总结其历史价值与学术贡献, 并做考释与译文解析。
410  0 @12001 @a马克思主义经典文献传播通考
606 0  @a俄国社会民主工党@Ae guo she hui min zhu gong dang@x策略@x批判
606 0  @a列宁著作研究@Alie ning zhu zuo yan jiu
690    @aA222@v5
690    @aA821@v5
701  0 @a康沛竹@Akang pei zhu@4著
701  0 @a张冬梵@Azhang dong fan@4著
701  0 @a张春鹏@Azhang chun peng@4著
801  0 @aCN@bBJXHXP@c20230308
905    @b1392361-5@dA222@e102@f5
    
    《社会民主党在民主革命中的两种策略》曹葆华译本考/康沛竹, 张冬梵, 张春鹏著.-沈阳:辽宁人民出版社,2021.01
    25, 286页;23cm.-(马克思主义经典文献传播通考)
    国家出版基金项目
    
    ISBN 978-7-205-10131-2(精装):CNY88.00
    本书以2019年人民出版社最新出版的马列主义经典文库单行本《社会民主党在民主革命中的两种策略》为蓝本, 原书作者是列宁, 是马克思列宁主义发展史上一个重要的思想坐标。《社会民主党在民主革命中的两种策略》的中文版本众多, 在中国流传甚广, 影响极大。本书是作者康沛竹等人对曹葆华译本的考释, 包括对译本的背景和地位介绍、术语考证、观点疏正、总结其历史价值与学术贡献, 并做考释与译文解析。
●
相关链接 在E读中查询图书 在五车中查询图书 在当当中查询图书 在豆瓣中查询图书


正题名:《社会民主党在民主革命中的两种策略》曹葆华译本考     索取号:A222/102         预约/预借

序号 登录号 条形码 馆藏地/架位号 状态 备注
1 1392361   213923619   第一样本阅览室/ [索取号:A222/102] 在馆    
2 1392362   213923628   第一借阅区/ [索取号:A222/102] 在馆    
3 1392363   213923637   第一借阅区/ [索取号:A222/102] 在馆    
4 1392364   213923646   第一借阅区/ [索取号:A222/102] 在馆    
5 1392365   213923655   第一借阅区/ [索取号:A222/102] 在馆    
唐山师范学院图书馆 欢迎您!
大连网信软件有限公司© 版权所有